| 000 | 004360000a22001690004500 | ||
|---|---|---|---|
| 003 | MACL | ||
| 005 | 20160106145624.0 | ||
| 008 | 160106b xxu||||| |||| 00| 0 eng d | ||
| 040 |
_aMACL _cMACL |
||
| 041 | _aEnglish | ||
| 082 | _a842/MAE | ||
| 100 |
_aMaeterlinck, Maurice _927511 |
||
| 245 |
_aMary Magdalene _bA play in three acts |
||
| 260 |
_bMethuen & Co. Ltd _c1912 _aLondon |
||
| 650 |
_aDrama _928771 |
||
| 942 |
_cBK _k842/MAE _2ddc |
||
| 999 |
_c39246 _d39246 |
||